| 000 | 01376nkm a2200301 i 4500 | ||
|---|---|---|---|
| 001 | 4359 | ||
| 003 | ES-MaACL | ||
| 005 | 20250822024501.0 | ||
| 007 | khrbo | ||
| 008 | 070710s1988 sp --- g |001||spa d | ||
| 100 | 0 |
_aAlfonso, _d1902-1990 _919858 |
|
| 245 | 1 | 0 |
_aMesa redonda "Problemática de malos tratos en la infancia" [ _hFotografía] / _cAlfonso (sello). |
| 260 |
_a[S.l. : _bs.n.], _c1988. |
||
| 300 |
_a2 fot. : _bb. y n. ; _c12 x 18 cm. |
||
| 500 | _aDatos basados en invitación. | ||
| 511 | 0 | _aIntervienen: Luis López Mora, Antonio García de Paredes, Enrique Acosta Estévez, Inés Galán Sierra; modera: Begoña Olabarría González. | |
| 518 | _aActo organizado por la Sección de Psicología del Ateneo de Madrid, celebrado en el salón de actos el jueves, 9 de junio de 1988, a las 20:00 h. | ||
| 600 | 1 | 4 |
_aLópez Mora, Luis. _973795 |
| 600 | 1 | 4 |
_aGarcía de Paredes, Antonio. _954481 |
| 600 | 1 | 4 |
_aAcosta Estévez, Enrique. _918307 |
| 600 | 1 | 4 |
_aSierra Galán, Inés. _9106271 |
| 600 | 1 | 7 |
_aOlabarría González, Begoña _2embne _986633 |
| 610 | 2 | 4 |
_aAteneo de Madrid- _xActos culturales- _y1988- _vFotografías. _91903 |
| 710 | 2 |
_aAteneo de Madrid. _bSección de Psicología. _92008 |
|
| 852 |
_aES-MaACL _jFOT 173/1988 |
||
| 856 | 4 |
_uhttp://www.ateneodemadrid.net/biblioteca_digital/imagenes/1988/0173-1988.jpg _zVer imagen |
|
| 999 |
_c4359 _d4359 |
||